header

Influence of Social Media On Public Relations Practice In Kenya Banking Industry; (Record no. 264610)

MARC details
000 -LEADER
fixed length control field 00531nam a22001577a 4500
003 - CONTROL NUMBER IDENTIFIER
control field OSt
005 - DATE AND TIME OF LATEST TRANSACTION
control field 20241015112246.0
008 - FIXED-LENGTH DATA ELEMENTS--GENERAL INFORMATION
fixed length control field 241015b xxu||||| |||| 00| 0 eng d
024 ## - OTHER STANDARD IDENTIFIER
Standard number or code MCS/8012/2014
040 ## - CATALOGING SOURCE
Transcribing agency Rongo University.
050 ## - LIBRARY OF CONGRESS CALL NUMBER
Classification number HF 5415
Item number O38
100 ## - MAIN ENTRY--PERSONAL NAME
Personal name Francis Odoyo Ogutu
245 ## - TITLE STATEMENT
Title Influence of Social Media On Public Relations Practice In Kenya Banking Industry;
Remainder of title A Study Of Chase Bank Kenya Limited.
Statement of responsibility, etc Ogutu,Odoyo,Francis.
260 ## - PUBLICATION, DISTRIBUTION, ETC. (IMPRINT)
Place of publication, distribution, etc Rongo University :Kenya
Name of publisher, distributor, etc Rongo University
Date of publication, distribution, etc 2014
942 ## - ADDED ENTRY ELEMENTS (KOHA)
Source of classification or shelving scheme Library of Congress Classification
Koha item type Thesis
Holdings
Withdrawn status Lost status Source of classification or shelving scheme Damaged status Not for loan Collection code Home library Current library Shelving location Date acquired Total Checkouts Full call number Barcode Date last seen Price effective from Koha item type
    Library of Congress Classification     Reference Rongo University Library Rongo University Library Reference 15/10/2024   HF 5415 O38 2020 RU/INFOCOMS/2020/054 15/10/2024 15/10/2024 Thesis

© 2026 Rongo University
Contact us: librarian | system librarian | Rongo university